000 00785cam a22002411 4500
001 gs 37000027
003 DLC
005 20260227111341.0
008 791203s1937 dcuabf f001 0 eng
010 _ags 37000027
035 _a(OCoLC)5754438
040 _aDLC
_cMe
_dDLC
043 _an-us-ct
050 0 0 _aQE75
_b.B9 no. 881
100 1 _aStaack, J. G.
_q(John George),
_d1878-
245 1 0 _aSpirit leveling in Connecticut, 1922-35,
_c[by] J. G. Staack.
260 _aWashington,
_bU.S. Govt. print. off.,
_c1937.
300 _a1 p. l., 65 p., 1 l.
_bincl. map, tables, pl.
_c23 cm.
490 0 _aU.S. Geological Survey. Bulletin 881
500 _aAt head of title: United States Department of the interior.
500 _aIncludes index.
651 0 _aConnecticut
_xAltitudes.
999 _c27324
_d27324